Online Catalogue and eLibrary

Communist Karthigesan (Record no. 5742)

MARC details
000 -LEADER
fixed length control field 00472nam a2200145Ia 4500
005 - DATE AND TIME OF LATEST TRANSACTION
control field 20250305015227.0
008 - FIXED-LENGTH DATA ELEMENTS--GENERAL INFORMATION
fixed length control field 240331s9999 xx 000 0 und d
082 ## - DDC Classification
Item Number - Author Mark COM
DDC Edition Number 6705
Class No. 923
245 #0 - TITLE STATEMENT
Title Communist Karthigesan
260 ## - PUBLICATION, DISTRIBUTION, ETC.
Place of publication, distribution, etc. Ontario
Name of publisher, distributor, etc. Janaki Balakrishnan
Date of publication, distribution, etc. 2002
300 ## - PHYSICAL DESCRIPTION
Extent (e.g. Volumes, Pages etc.) xiii, 406 p.,
500 ## - GENERAL NOTE
General note The remembrance of Murugupillai Karthigesan who was a dedicated communist, by his alma mater Hindu College, Jaffna
700 ## - ADDED ENTRY--PERSONAL NAME
Personal name Balakrishnan, J
Relator term (Role) Editor
942 ## - Koha item type (Biblio)
Koha item type Books in Stacks (Lending)
Holdings
Lost status Damaged status Collection code Home library Current library Shelving location Date acquired Full call number Accession Number Item type
    Lending WERC Library WERC Library Social Science Cupboard 03/31/2024 923 COM 6705 Books in Stacks (Lending)

© WERC Library